Biblic or Quranic Verse? - Statistics

General Stats
  • This quiz has been taken 121 times
  • The average score is 10 of 15
Answer Stats
Question Answer % Correct
And he that taketh not his cross, and followeth after me, is not worthy of me. Bible
92%
They said, “We have believed in the Lord of the Worlds. Quran
82%
What shall we say then? Is the law sin? God forbid. Nay, I had not known sin, but by the law: for I had not known lust, except the law had said, Thou shalt not covet. Bible
81%
Then which of the favors of your Lord will you deny? Quran
78%
And return to your Lord and submit to Him before the punishment comes upon you; then you will not be helped. Quran
77%
Those who believe and work righteousness—for them is forgiveness and a generous provision. Quran
75%
See then that ye walk circumspectly, not as fools, but as wise, Redeeming the time, because the days are evil. Bible
71%
Those you call upon besides God are servants like you. So call upon them, and let them answer you, if you are truthful. Quran
70%
I have chosen you, so listen to what is revealed. Quran
68%
Cast your cares on the Lord and he will sustain you; he will never let the righteous be shaken. Bible
67%
From the Lord comes deliverance. May your blessing be on your people. Bible
63%
It is an honour for a man to cease from strife: but every fool will be meddling. Bible
59%
We thus diversify the revelations, lest they say, “You have studied,” and to clarify them for people who know. Quran
57%
You believe that there is one God. Good! Even the demons believe that—and shudder. Bible
49%
Each of you should give what you have decided in your heart to give, not reluctantly or under compulsion, for God loves a cheerful giver. Bible
46%
No matching quizzes found
Score Distribution
Percent of People with Each Score
Percentile by Number Answered
Your Score History
You have not taken this quiz